Дело о внесении чинов Дирекции в адрес-календарь, составленный на 1813 год

Доступно только в Электронных читальных залах Найти на картеНа карте
RUSMARC
00003593nmc2a22000003x 450
001d241d168-ed31-458b-bf4e-5a0ecf0d6263
00520181003143726.0
100##$a20161209l18121812k l0rusy0189 ca
1010#$arus
102##$aRU
2001#$aДело о внесении чинов Дирекции в адрес-календарь, составленный на 1813 год
$j28 октября - ноябрь 1812 г.
251##$cДело
300##$aДело
801#0$aRU
$bРГИА
$c20161209
$gRCR
801#1$aRU
$bГлавНИВЦ
$c20161209
$2rusmarc
801#2$aRU
$bПБ им. Б.Н. Ельцина
$c20181003
$gRCR
$2rusmarc
850##$aРГИА
852##$aРГИА
$eФедеральное казенное учреждение "Российский государственный исторический архив" (РГИА)
$j1119
937##$hРГИА
$d12235389
$aASBIBLIO_SCAN
462#0$1001dd3991dc-24e1-42ec-8838-ca4255420416
$12001
$a1746-1850 гг.
$1251
$cОпись
$1852
$j1
461#0$10019264ebf8-de62-4f1a-9eb4-9f22098dbbd5
$12001
$aДирекция императорских театров МИДв
$1251
$cФонд
$1852
$j497
215##$a6 л.
$d36,5х26 см
371##$aДокумент не является опубликованным и широко распространяемым
105##$ay###
1222#$ad
035##$ad241d168-ed31-458b-bf4e-5a0ecf0d6263
856##$uhttp://readingroom.main.prlib.ru/item.aspx?id_node=n118846913&mode=full
Формат отображения